Name the Director by a Screenshot of Their Movie - Statistics

General Stats
  • This quiz has been taken 119 times
  • The average score is 11 of 16
Answer Stats
Picture Answer % Correct
Alfred Hitchcock
91%
Stanley Kubrick
91%
Ridley Scott
88%
Martin Scorsese
85%
Tim Burton
85%
Sofia Coppola
80%
Sam Raimi
74%
Hayao Miyazaki
73%
Damien Chazelle
71%
Guillermo del Toro
70%
Ang Lee
63%
Yorgos Lanthimos
59%
Spike Lee
56%
Paul Thomas Anderson
55%
Denis Villeneuve
46%
Bong Joon-ho
41%
No matching quizzes found
Score Distribution
Percent of People with Each Score
Percentile by Number Answered
Your Score History
You have not taken this quiz